000 01117cam a2200337 i 4500
001 015566956
003 EG-ScBUE
005 20250616125808.0
008 100527t2010 sz a f b 001 0 eng d
020 _a9781439835166 (hbk.)
020 _a1439835160 (hbk.)
040 _aStDuBDS
_beng
_erda
_cStDuBDS
_dEG-ScBUE
082 0 4 _a536.7
_222
_bBOR
100 1 _aBorel, Lucien,
_eauthor.
_938180
245 1 0 _aThermodynamics and energy systems analysis :
_bfrom energy to exergy /
_cLucien Borel and Daniel Favrat.
264 1 _aLausanne :
_bEFPL Press,
_c[2010]
264 4 _cc2010
300 _axii, 795 pages :
_bcolor illustrations ;
_c18 cm.
336 _2rdacontent
_atext
_btxt
337 _2rdamedia
_aunmediated
_bn
338 _2rdacarrier
_avolume
_bnc
490 0 _aEngineering sciences . Mechanical engineering
504 _aIncludes bibliographical references and index.
650 7 _aThermodynamics.
_2BUEsh
_91919
650 7 _aForce and energy.
_2BUEsh
651 _2BUEsh
653 _bENGGEN
_cJune2015
655 _vReading book
700 1 _aFavrat, Daniel,
_eauthor.
942 _2ddc
_cBB
999 _c19560
_d19532